| 000 | 00636nam a2200229Ia 4500 | ||
|---|---|---|---|
| 005 | 20241216011123.0 | ||
| 008 | 190212s9999||||xx |||||||||||||| ||und|| | ||
| 020 | _a84-283-1797-6 | ||
| 082 |
_a636.213 _bW919 |
||
| 100 | _aWAYNE PERRY, TILDEN | ||
| 245 | 0 | _aALIMENTACION Y NUTRICION GANADO VACUNO PARA CARNE | |
| 250 | _a0 | ||
| 260 |
_aESPA±A _bACRIBIA - PARANINFO _c1990 |
||
| 300 |
_a417 pag _c24 cm |
||
| 341 | _h0 | ||
| 490 |
_v0 _a0 |
||
| 505 | _aPRODUCCION CARNE-ALIMENTOS/REBAÑOS-ACABADO DE VACUNO | ||
| 541 |
_aC _d12-Oct-95 _oSoles |
||
| 650 | _aCIENCIAS APLICADAS | ||
| 856 | _zCiencias Aplicadas | ||
| 942 | _cLIBRO | ||
| 999 |
_c33177 _d33177 |
||